| 000 | 00611nam a2200193 i 4500 | ||
|---|---|---|---|
| 001 | 32290 | ||
| 003 | ES-MaACL | ||
| 005 | 20251015063048.0 | ||
| 007 | t| | ||
| 008 | 030130s1913 fr ||||1| fre d | ||
| 100 | 1 |
_aBernheim, Hippolyte, _d1837-1919 _9125950 |
|
| 245 | 1 | 2 |
_aL'hysterie _b: definition et conception, pathogenie, traitement / _cHipótito Bernheim. |
| 260 |
_a[S.l. : _bs.n., _c1913] ( _fChartres-Durand) |
||
| 300 |
_a436 p. ; _c18 cm. |
||
| 490 | 1 | _aEncyclopédie scientifique | |
| 830 | 0 |
_aEncyclopédie scientifique _9180883 |
|
| 852 |
_aES-MaACL _jD-4293 |
||
| 999 |
_c32290 _d32290 |
||